Dopasuj szczyt do państwa! - Statystyki

Ogólne statystyki
  • Ten quiz został rozwiązany 127 razy
  • Średni wynik to 8 z 16
Statystyki odpowiedzi
Szczyt Państwa % Poprawnych
Mont Blanc Francja
93%
Mount Everest Chiny
85%
Mount Everest Nepal
83%
Kilimandżaro Tanzania
69%
K2 Pakistan
67%
Elbrus Rosja
66%
Denali Stany Zjednoczone
57%
Zugspitze Niemcy
55%
Puncak Jaya Indonezja
34%
Ben Nevis Wielka Brytania
28%
Teide Hiszpania
27%
Pektu-San Korea Północna
24%
Pektu-San Chiny
22%
Musała Bułgaria
18%
Szczyt Zwycięstwa Kirgistan
15%
Wysoka Góra Białoruś
11%
Nie znaleziono quizów pasujących do podanych kryteriów
Rozkład punktacji
Procent ludzi z każdym wynikiem
Percentyl według liczby udzielonych odpowiedzi
Twoja historia wyników
Nie rozwiązałeś tego quizu